000 01170nam0a2200313 4500
001 RU\NLR\bibl\17697
005 20250615013757.0
010 _a5-88782-209-0
_95000
021 _aRU
_b99-926
_948
035 _a(NLR Aleph) 000017278
090 _a74578
_c74578
100 _a19990324d1999 |||y0rusy50 ca
101 1 _arus
_ceng
102 _aRU
105 _a|||||||||||||
200 1 _aЭффективная работа с Microsoft Access 97
_fДжон Вейскас
_g[Пер. с англ. В. Широков]
210 _aСПб. и др.
_cПитер
_d1999
215 _a973 с.
_cил.
_d23
300 _aЗагл. и ат. ориг.: Running Microsoft Fccess 97 /John L. Viescas
320 _aАлф. указ.: с. 935-968
454 0 _12001#$aRunning Microsoft Fccess 97$fJohn L. Viescas
_tRunning Microsoft Fccess 97
606 0 _aMICROSOFT ACCESS 97, система управления базами данных
_92077204
_3RU\NLR\auth\661252769
686 _aЗ973.233-018.2
700 1 _aВейскас
_bД.
_gДжон
_4070
801 0 _aRU
_bNLR
_c19990324
_gPSBO
801 1 _aRU
_bNLR
_c19990324
852 _aNLR
_j99-7/23
942 _cBOOK
980 _aNB